| 000 | 00415nam a2200157Ia 4500 | ||
|---|---|---|---|
| 008 | 230312s9999||||xx |||||||||||||| ||und|| | ||
| 020 | _a0-385-17496-9 | ||
| 082 |
_a658.049 _bGEN-M |
||
| 100 | _aHarold Geneen | ||
| 245 | 0 | _aManaging | |
| 260 |
_bDOUBLEDAY & COMPANY, INC. _aNew York _c1984 |
||
| 300 | _a297 | ||
| 546 | _aEng. | ||
| 650 |
_aManagement _vTheory G on Management, How to run a Business |
||
| 942 | _cBK | ||
| 999 |
_c1058 _d1058 |
||